| 000 | 00776nam a2200241Ia 4500 | ||
|---|---|---|---|
| 008 | 100315s9999 xx 000 0 und d | ||
| 040 | _cENGLISH | ||
| 082 |
_b9534 _a657.046 |
||
| 100 | _a"Batliboi, Jamshed R " | ||
| 245 | _aTypical Problems in Advanced Accounting | ||
| 250 | _a14th ed | ||
| 260 |
_aBOMBAY _bStandard Accountancy _c0 |
||
| 300 | _a885 | ||
| 365 |
_eRupees _d1 _b23.00 |
||
| 366 | _f0 | ||
| 505 | _gVaibhav Gaikwad | ||
| 530 | _bDonated By RBI Library | ||
| 620 | _a"Typical Problems in Advanced Accounting, Accounting, RBI Book, Bank Account, Cost Account " | ||
| 630 | _aTypical Problems in Advanced Accounting | ||
| 650 | _aACCOUNTING | ||
| 730 | _aTypical Problems in Advanced Accounting | ||
| 942 | _cBOOK | ||
| 999 |
_c484268 _d484265 |
||